Facultad de Derecho – Universidad Nacional de Mar del Plata

Desregulaciòn (Record no. 3682)

MARC details
000 -CABECERA
campo de control de longitud fija 00441nam a22001697a 4500
020 ## - NUMERO INTERNACIONAL NORMALIZADO PARA LIBROS (ISBN)
International Standard Book Number 9505007477
080 ## - NUMERO DE CLASIFICACION DECIMAL UNIVERSAL (CDU)
Número de la Clasificación Decimal Universal 347.7 B 968
100 ## - ASIENTO PRINCIPAL--NOMBRE PERSONAL
Nombre personal Bustamante, Jorge Eduardo
245 ## - MENCION DE TITULO
Título propiamente dicho Desregulaciòn
Parte restante del título entre el derecho y la economìa
260 ## - PUBLICACION, DISTRIBUCION, ETC. (PIE DE IMPRENTA)
Lugar de publicación, distribución, etc. Buenos Aires
Nombre del editor, distribuidor, etc. Abledo_ Perrot
Fecha de publicación, distribución, etc. 1993
300 ## - DESCRIPCION FISICA
Extensión 286 P.
650 ## - ASIENTO SECUNDARIO DE MATERIA - TERMINO TEMATICO
Subdivisión general desregulacion
650 ## - ASIENTO SECUNDARIO DE MATERIA - TERMINO TEMATICO
Subdivisión general regulaciones
650 ## - ASIENTO SECUNDARIO DE MATERIA - TERMINO TEMATICO
Subdivisión general proceso de desregulacion
942 ## - ELEMENTOS AGREGADOS (KOHA)
Clasificación normalizada de Koha para alfabetizar _
945 ## - INFORMACION DE PROCESAMIENTO LOCAL
Responsable de carga/modificación Celeste Delía
AAAA-MM-DD - Fecha de ingreso/modificación 2015-04-06
Holdings
Retirado Perdido Dañado No se presta Ubicación permanente Locación actual Estante o sala Fecha de adquisición Total préstamos Signatura topográfica Inventario Ultima fecha vista Fecha del precio Tipo de item de Koha
        Bib. Derecho Bib. Derecho Biblioteca Graduados 06/04/2015   347.7 B 968 300675 06/04/2015 06/04/2015 LIBRO (Consulta)

XHTML | CSS | ©Biblioteca Central - Dto. Tecnología de la Información - [ Con tecnología Koha ]